[Event "American Continental-ch 2018"]
[Site "Montevideo"]
[Date "2018.06.09"]
[Round "10"]
[White "Mareco, Sandro"]
[Black "Martinez Alcantara, Jose Eduardo"]
[Result "1-0"]
[WhiteElo "2643"]
[BlackElo "2539"]
[Annotator "TA"]
[PlyCount "71"]
[EventDate "2018.??.??"]
[EventType "swiss"]
[EventCountry "URU"]
[SourceTitle "playchess.com"]
[Source "ChessBase"]
[SourceQuality "1"]

{[%evp 25,71,19,23,25,25,25,25,23,25,14,94,94,120,130,125,128,243,235,236,179,210,204,220,213,217,196,237,254,247,241,218,107,433,417,608,608,613,611,606,601,925,897,1471,1433,1248,1241,1164,1168]} 1. d4 Nf6 2. c4 e6 3. Nf3 d5 4. g3 Bb4+ 5. Bd2 Be7 6. Bg2 O-O 7. O-O Nbd7 8. Qc2 c6 9. Bf4 b6 10. Ne5 Bb7 11. Rd1 Qc8 {E08: Closed Catalan: Main Line: 7 Qc2} (11... Nh5 12. Bd2 Nhf6 13. cxd5 cxd5 14. Nc6 Bxc6 15. Qxc6 a6 16. a4 Rc8 17. Qb7 Nb8 18. Na3 Qc7 19. Qxc7 Rxc7 {½-½ (52) Cheparinov,I (2710)-Kuzubov,Y (2699) Riadh 2017}) 12. Nc3 Nxe5 13. dxe5 Nd7 {LiveBook: 3 Games. The position is equal.} 14. Qd2 Rd8 15. cxd5 cxd5 16. Rac1 {[%cal Rc3d5] [#] Threatens to win with Nxd5.} Qb8 $146 ({Predecessor:} 16... Bb4 17. Bg5 Re8 {1-0 (30) Quesada Vera,L (2445)-Garcia,R (2162) Porlamar 2016}) 17. Nb5 {next Nc7 is good for White.} Nc5 (17... a5 $11) 18. b4 $16 Na6 19. a3 $36 {[%mdl 2048] Black is under strong pressure.} Rd7 20. e4 d4 (20... Qe8 $16 {was worth a try.} 21. exd5 Bxd5) 21. Nd6 $18 ({Don't take} 21. Nxd4 $6 Qe8) 21... Nc7 22. Qxd4 g5 23. Be3 Ne8 24. Qd2 h6 {[%cal Re8d6]} 25. h4 {[%cal Bh2h4,Bh4g5][%mdl 32]} Nxd6 26. hxg5 ({But not} 26. exd6 $6 Rxd6 27. Qe2 a5) 26... Rd8 {[#] And now ...Nc4! would win.} 27. exd6 Rxd6 28. Qc3 (28. Qe2 $18 {and White stays clearly on top.}) 28... Rc6 $2 {[%mdl 8192]} (28... Bxg5 $16 29. f4 Be7) 29. Qa1 Bxg5 (29... Qf8 $142 30. gxh6 Rd8) 30. Bxg5 {White is clearly winning.} hxg5 31. Rxc6 Bxc6 32. Qc1 Ba4 33. Qxg5+ Kh8 34. Qf6+ Kg8 35. Rd4 e5 36. Rd5 {Precision: White = 83%, Black = 37%.} 1-0

[Event "American Continental-ch 2018"]
[Site "Montevideo"]
[Date "2018.06.09"]
[Round "10"]
[White "Cruz, Cristhian"]
[Black "Bick, Gabriel"]
[Result "1-0"]
[WhiteElo "2576"]
[BlackElo "2391"]
[Annotator "TA"]
[PlyCount "81"]
[EventDate "2018.??.??"]
[EventType "swiss"]
[EventCountry "URU"]
[SourceTitle "playchess.com"]
[Source "ChessBase"]
[SourceQuality "1"]

{[%evp 17,81,30,25,13,14,18,16,14,13,0,3,-6,12,0,22,15,16,0,19,10,29,33,27,22,57,43,79,50,60,23,33,29,30,22,33,33,29,29,25,31,15,17,31,25,31,32,33,20,22,35,108,114,125,34,63,36,272,265,429,429,580,581,504,455,458,448]} 1. d4 d5 2. c4 e6 3. Nc3 Nf6 4. cxd5 exd5 5. Bg5 c6 6. e3 Be7 7. Qc2 Nbd7 8. Bd3 h6 9. Bh4 Nh5 10. Bxe7 {D36: Queen's Gambit Declined: Exchange Variation: Main line (5 Bg5 c6 6 Qc2)} Qxe7 11. Nf3 Nf4 12. Bf1 {The position is equal.} O-O 13. g3 $146 (13. O-O-O {looks sharper.} Ne6 14. Kb1 b5 15. Bd3 Bb7 16. Ne2) ({Predecessor:} 13. O-O-O Ng6 14. h4 Qf6 15. Bd3 Nb6 16. h5 Ne7 17. Rh4 {1-0 (72) Karjakin,S (2771)-Kramnik,V (2783) Stavanger 2014}) 13... Ne6 14. Bg2 Re8 15. O-O Ng5 16. Nxg5 Qxg5 17. b4 {[%cal Bb2b4,Bb4b5][%mdl 32]} a6 18. a4 Nf6 19. b5 Bf5 20. Qd2 a5 21. Rfc1 h5 22. bxc6 bxc6 23. Ne2 Ne4 $1 {[%cal Re4d2]} 24. Qe1 Qh6 25. h4 g5 26. f3 Nd6 27. Rxc6 Rxe3 {[#] Hoping for ...Rae8.} 28. Qd2 $1 {[%cal Rd2e3]} Rae8 29. hxg5 Qxg5 {Threatens to win with ...Nc4.} 30. Rxd6 Qe7 31. Rxd5 Rxe2 32. Qf4 $36 {[%mdl 2048] White fights for an advantage.} Bg6 33. Bf1 Qe3+ (33... Re1 $14 34. Rxe1 Qxe1) 34. Qxe3 $16 R2xe3 35. Rxa5 ({White should try} 35. Bg2 $16) 35... Rxf3 $14 36. Rg5 {[#] aiming for a5.} Rd8 $2 (36... Kh7 $14) 37. a5 $18 {[%cal Ba4a5,Ba5a6][%mdl 32]} Kg7 $2 (37... Rd7 38. a6 Ra7) 38. a6 {White is clearly winning.} f6 39. Bg2 Rc3 40. Rc5 Rxg3 41. Kf2 {Precision: White = 66%, Black = 44%.} 1-0

[Event "American Continental-ch 2018"]
[Site "Montevideo"]
[Date "2018.06.09"]
[Round "10"]
[White "Pichot, Alan"]
[Black "Campora, Daniel H"]
[Result "1-0"]
[WhiteElo "2564"]
[BlackElo "2424"]
[Annotator "TA"]
[PlyCount "103"]
[EventDate "2018.??.??"]
[EventType "swiss"]
[EventCountry "URU"]
[SourceTitle "playchess.com"]
[Source "ChessBase"]
[SourceQuality "1"]

{[%evp 22,103,62,52,68,81,104,55,60,51,48,56,66,62,59,55,78,0,15,0,0,0,32,0,20,-21,97,93,181,173,199,181,196,189,202,188,201,193,207,191,215,241,274,176,255,141,163,161,187,173,214,208,206,195,187,174,229,175,204,175,180,142,139,156,130,107,105,99,95,85,177,140,163,73,114,102,143,135,145,145,131,117,530,525]} 1. e4 d6 2. d4 Nf6 3. Nc3 e5 4. Nf3 Nbd7 5. Bc4 Be7 6. a4 O-O 7. O-O c6 8. h3 b6 9. Qe2 a6 10. Rd1 Qc7 {C41: Philidor Defence} 11. Ba2 Bb7 (11... Rb8 12. d5 cxd5 13. Bxd5 Nc5 14. Bg5 Bd7 15. Ra3 b5 16. axb5 axb5 17. b4 {1-0 (40) Najer,E (2683)-Bologan,V (2600) Batumi 2018}) 12. Nh4 {LiveBook: 15 Games} b5 {White is slightly better.} 13. Nf5 Rae8 14. dxe5 Nxe5 15. axb5 $146 ({Predecessor:} 15. Bg5 b4 16. Nb1 Ng6 17. Qf3 {0-1 (31) Belov,A-Gelman,A (2390) Moscow 1996}) 15... axb5 16. Bg5 b4 17. Na4 Bc8 {With the idea ...Bxf5.} 18. Bxf6 gxf6 19. Qh5 (19. Nxe7+ $16 Qxe7 20. Qd2) 19... Kh8 $11 20. Nh6 {[%cal Rh6f7]} Be6 21. Bb3 Rb8 22. Kh1 Rb5 {...Ng4 is the strong threat.} 23. Qe2 Kg7 {[#]} (23... Ng6 $11 {remains equal.}) 24. Nf5+ $1 $16 Kh8 {[#]} (24... Bxf5 $16 {was called for.} 25. exf5 d5) 25. Bxe6 $1 $18 fxe6 26. Nd4 Qb7 27. b3 (27. Nxb5 cxb5 28. b3 (28. f4 Ng6 $11) 28... bxa4 $11) 27... Ra5 28. Nxe6 Rfa8 29. Nd4 d5 30. Nf5 dxe4 31. Qxe4 Bf8 32. Rd4 Ng6 (32... Qc8 $142 33. Rad1 Nd3 34. R4xd3 (34. R1xd3 Re5 $18) (34. Qxd3 Qxf5 35. Rd7 Qxd3 $16) 34... Re5) 33. Nd6 (33. Qe6 $18 c5 34. Qxf6+ Bg7 35. Rd8+ (35. Qxg7+ Qxg7 36. Nxg7 cxd4 $15) 35... Nf8 36. Rxa8 Rxa8 37. Nxg7 Qxg7 38. Qxg7+ Kxg7 39. Re1) 33... Qe7 {and if ...Qxe4 works, Black does fine.} 34. Qxe7 ({Worse is} 34. Qxc6 R8a6 $17) 34... Bxe7 35. Re1 f5 36. Nc4 R5a7 37. Re6 c5 38. Rd1 Rg8 (38... Ra6 {might work better.} 39. Re2 R8a7) 39. Rde1 Bf8 40. g3 f4 41. Re8 fxg3 42. fxg3 Rf7 43. Nab2 Rf3 44. R8e3 Rf2 45. R3e2 Rf3 (45... Rxe2 $16 46. Rxe2 Ne7) 46. Rg2 $36 {[%mdl 2048] White is really pushing.} Bg7 47. Nd2 (47. Nd3 $18) 47... Rf7 48. Nd3 Bd4 49. Ne4 Re8 50. Rge2 Rfe7 51. h4 Kg7 $2 {[%mdl 8192]} (51... h5 $16 {is a better chance.} 52. Kg2 Kg7) 52. Nd6 {Precision: White = 52%, Black = 29%.} 1-0

[Event "American Continental-ch 2018"]
[Site "Montevideo"]
[Date "2018.06.09"]
[Round "10"]
[White "Perez Ponsa, Federico"]
[Black "Ruiz Castillo, Joshua Daniel"]
[Result "1-0"]
[WhiteElo "2556"]
[BlackElo "2378"]
[Annotator "TA"]
[PlyCount "89"]
[EventDate "2018.??.??"]
[EventType "swiss"]
[EventCountry "URU"]
[SourceTitle "playchess.com"]
[Source "ChessBase"]
[SourceQuality "1"]

{[%evp 20,89,18,10,17,0,11,2,11,8,11,2,9,1,74,69,62,60,70,66,92,86,88,82,90,91,90,87,95,47,37,50,74,81,101,26,76,65,113,103,94,62,93,89,129,123,147,160,157,160,158,138,164,104,245,245,318,301,577,556,585,550,945,951,939,937,969,968,960,952,845,868]} 1. e4 c5 2. Nf3 d6 3. Bb5+ Nd7 4. c3 Ngf6 5. Qe2 a6 6. Ba4 Qc7 7. Bc2 {B51: Sicilian: Moscow Variation (3 Bb5+) without 3...Bd7} (7. O-O e5 8. d4 b5 9. Bc2 cxd4 10. cxd4 Be7 11. Nc3 O-O 12. Bg5 h6 13. Bh4 Bb7 14. Rad1 Rac8 {1-0 (56) Carlsen,M (2835)-Topalov,V (2770) Wijk aan Zee 2012}) 7... e6 8. O-O b5 9. d4 $146 ({Predecessor:} 9. a4 b4 10. d4 a5 11. c4 cxd4 12. Nxd4 Ba6 13. b3 d5 14. exd5 Nxd5 {1-0 (33) Privalov,I (1916)-Kalashnikova,E (1722) Samara 2017}) 9... Bb7 10. Re1 Be7 11. Bd3 {LiveBook: 4 Games} e5 12. Nbd2 {[%cal Bb1d2,Bd2f1,Bf1e3,Be3d5][%mdl 32]} O-O 13. dxe5 dxe5 14. c4 b4 15. Nf1 Rfe8 16. Bg5 Ng4 {[#]} (16... Bd8 $11) 17. Bxe7 $1 $16 Rxe7 18. Nh4 Ngf6 19. Ne3 g6 20. Nd5 Bxd5 21. cxd5 Qb6 22. Nf3 Ne8 23. a3 Nd6 24. axb4 Qxb4 25. Nd2 Nb6 26. b3 ({Reject} 26. Bxa6 Rea7 $17) 26... a5 27. Qe3 (27. Rec1 $16) 27... Rc7 28. Rec1 f6 29. h4 $36 {[%mdl 2048] White has strong initiative.} Kg7 30. g3 Rac8 31. Kg2 h6 32. Rc2 Ra8 33. Rac1 Rac8 34. Ba6 Ra8 35. Be2 ({Worse is} 35. Rxc5 Rxc5 36. Qxc5 Rxa6 $11) 35... Nd7 36. h5 ({White should try} 36. Nc4 $18 Nb5 37. f4) 36... g5 {[#]} (36... Qd4 $16 {was necessary.}) 37. Bg4 $1 $18 a4 38. bxa4 Rxa4 $2 {[#]} (38... Qxa4 {is a better defense.} 39. Nc4 Ra6 40. Nxd6 Rxd6 41. Bxd7 Rdxd7) 39. Nc4 $1 {[%mdl 512] White is clearly winning.} Nxc4 40. Rxc4 Qxc4 41. Rxc4 Rxc4 42. Bxd7 Rxd7 {KQ-KRR} 43. Qf3 Rf7 44. Qf5 Kf8 45. Qg6 {Precision: White = 72%, Black = 32%.} 1-0

[Event "American Continental-ch 2018"]
[Site "Montevideo"]
[Date "2018.06.09"]
[Round "10"]
[White "Moradiabadi, Elshan"]
[Black "Quintiliano Pinto, Renato R"]
[Result "0-1"]
[WhiteElo "2549"]
[BlackElo "2423"]
[Annotator "TA"]
[PlyCount "64"]
[EventDate "2018.??.??"]
[EventType "swiss"]
[EventCountry "URU"]
[SourceTitle "playchess.com"]
[Source "ChessBase"]
[SourceQuality "1"]

{[%evp 11,64,0,28,25,19,24,29,25,35,28,29,0,0,0,0,0,0,0,0,-9,-20,-10,-8,-33,-46,-41,0,-11,-23,-23,0,0,0,0,-15,-89,-88,-92,-78,-70,-35,-47,-32,-252,-229,-351,-320,-494,-484,-662,-694,-2122,-462,-2827,-2834]} 1. d4 d5 2. c4 e6 3. Nf3 Nf6 4. Bg5 h6 5. Bxf6 Qxf6 6. Nbd2 {D30: Queen's Gambit Declined: Systems without Nc3} g6 {LiveBook: 5 Games} 7. Qb3 c6 $146 ({Predecessor:} 7... dxc4 8. Qxc4 Qe7 9. Rc1 c6 10. e4 Bg7 11. e5 O-O 12. Bd3 b6 13. O-O Rd8 {1-0 (33) Andreikin,D (2727)-Kramnik,V (2784) Dortmund 2013}) 8. e4 {[%cal Rc4d5] The position is equal.} Bg7 9. e5 Qe7 10. Bd3 O-O 11. O-O c5 12. dxc5 Nc6 13. Rfe1 Qxc5 14. Rac1 Qa5 15. cxd5 exd5 16. Qb5 Qd8 17. e6 fxe6 18. Bxg6 e5 19. Rcd1 Bg4 {Hoping for ...e4.} 20. Qxb7 Qf6 21. Be4 Rad8 $1 $36 {[%mdl 2048] Black is pushing.} 22. Rc1 $1 {[%cal Rc1c6]} Ne7 {[%cal Bc6e7,Be7g6,Bg6f4][%mdl 32]} 23. h3 (23. Rc7 $11 Rf7 24. Bc2) 23... Bxf3 $17 24. Bxf3 {[#] Rc7 is the strong threat.} e4 25. Rc7 Rb8 26. Qxa7 Rxb2 27. Nb3 $2 (27. Nxe4 $15 dxe4 28. Bxe4) 27... Ng6 $19 28. Be2 (28. Bg4 {might work better.} Rxf2 29. Be6+ Kh8 30. Rxg7 (30. Rf7 $2 Rxf7 31. Qxf7 Qxf7 $19) 30... Qxg7 31. Qxg7+ Kxg7 32. Bxd5) 28... Kh8 29. Nc1 (29. Rxg7 $142 Qxg7 30. Qxg7+ Kxg7 31. Nd4) 29... d4 {Black is clearly winning.} 30. Rf1 {[#]} Nf4 $1 31. Bg4 e3 (31... Nxh3+ $142 32. Bxh3 Rxf2) 32. Qa3 (32. Kh1 $142 Rxf2 33. Rg1) 32... Rxf2 {Precision: White = 40%, Black = 76%.} 0-1

[Event "American Continental-ch 2018"]
[Site "Montevideo"]
[Date "2018.06.09"]
[Round "10"]
[White "Mekhitarian, Krikor Sevag"]
[Black "Cori Quispe, Kevin Joel"]
[Result "1/2-1/2"]
[WhiteElo "2546"]
[BlackElo "2468"]
[Annotator "TA"]
[PlyCount "163"]
[EventDate "2018.??.??"]
[EventType "swiss"]
[EventCountry "URU"]
[SourceTitle "playchess.com"]
[Source "ChessBase"]
[SourceQuality "1"]

{[%evp 10,163,24,24,29,21,29,28,39,37,58,44,31,16,33,30,43,42,29,37,29,21,63,63,63,63,63,75,74,63,64,100,87,67,115,106,110,85,90,91,91,36,30,17,91,91,91,91,90,75,73,63,63,63,63,63,63,63,63,63,63,63,63,63,63,63,63,63,63,63,63,63,63,63,63,63,63,63,63,0,63,63,63,63,63,63,63,63,63,63,63,38,38,38,38,38,38,38,38,38,38,38,38,38,38,38,38,38,38,38,38,38,38,0,0,0,27,0,0,0,27,27,27,27,27,27,27,27,27,0,0,0,0,0,0,0,0,0,0,0,0,0,0,0,0,0,0,0,0,0,0,0,0,0,0,0]} 1. d4 Nf6 2. c4 e6 3. Nf3 Bb4+ 4. Bd2 a5 5. a3 Bxd2+ 6. Qxd2 b6 {E11: Bogo-Indian} 7. Nc3 Bb7 8. Qf4 (8. g3 O-O 9. Bg2 Ne4 10. Nxe4 Bxe4 11. O-O a4 12. Qe3 Bb7 13. Qd3 f5 14. Ne5 Bxg2 15. Kxg2 {0-1 (38) So,W (2822)-Carlsen,M (2838) chess.com INT 2017}) 8... d6 {White has an edge.} 9. e4 Qe7 $146 ({Predecessor:} 9... O-O 10. Be2 Nfd7 11. O-O Na6 12. Rad1 Qf6 13. Qe3 Rfd8 14. Ne1 {½-½ (35) Stagl,M (2137)-Radnetter,G (2259) Austria 2014}) 10. Be2 O-O 11. O-O Nbd7 12. e5 dxe5 13. dxe5 Nh5 14. Qe3 f5 15. Nd4 f4 16. Qh3 $36 {[%mdl 2048] White has the initiative.} f3 $1 {Strongly threatening ...Nf4.} 17. Qxh5 fxe2 18. Qxe2 ({Don't play} 18. Ncxe2 c5 $15) 18... c5 {[#]} 19. Ndb5 $1 {aiming for Rad1.} ({And not} 19. Nf3 Bxf3 20. gxf3 Qg5+ 21. Kh1 Nxe5 $17) 19... Qg5 {[%csl Gb7][%cal Rg5g2]} 20. Ne4 Qxe5 21. Rfe1 Bc6 22. Rad1 Rad8 23. f3 Bxb5 24. cxb5 {Black must now prevent Qc4.} Nf6 25. Rxd8 (25. Nxf6+ $16 gxf6 26. Rxd8 (26. Qxe5 fxe5 27. Kf2 Kf7 $14) 26... Rxd8 27. Qxe5 fxe5 28. Rxe5) 25... Rxd8 $14 26. Nxf6+ Qxf6 (26... gxf6 $11 {keeps the balance.} 27. Qxe5 fxe5) 27. Qxe6+ $16 Qxe6 28. Rxe6 {[%mdl 4096] Endgame KR-KR} Rd2 29. Rxb6 {Threatens to win with Rc6.} Rxb2 30. a4 Rb4 31. Rc6 {b6 is the strong threat.} Rxa4 32. Rxc5 Rb4 33. b6 a4 34. Ra5 Rxb6 35. Rxa4 Rb5 36. h4 h5 37. Kf2 Kf7 38. Ra6 Rb2+ 39. Kg3 Rc2 40. Ra5 g6 41. Re5 Kf6 42. Re1 (42. Rg5 {is more complex.} Ra2 43. Rb5 Rc2 44. Rb4 Ra2 45. Re4) 42... Rb2 43. Re4 Rc2 44. Re1 Rb2 $1 45. Rf1 Rc2 46. Rf2 Rc4 47. Rb2 Ra4 48. Kh3 Ra3 49. Rf2 Rb3 50. g3 Ra3 51. Kg2 Rb3 52. Rd2 Ra3 53. Kf2 Rb3 54. Ke2 Ra3 55. Rd3 Ra4 56. Ke3 Kf5 57. Rd5+ Kf6 58. Rd4 Ra6 59. Kf4 Rb6 60. Ke4 Ra6 61. g4 hxg4 62. fxg4 Ra5 63. Rd6+ Kf7 64. Rd5 Ra4+ (64... Ra1 {is interesting.} 65. Kf4 Kg7 66. Kg5 Ra7 67. Rb5 Ra4) 65. Rd4 Ra5 66. Rc4 Kf6 67. g5+ Ke6 68. Rc6+ Kf7 69. Rd6 Ra4+ {The position is equal.} 70. Ke5 Rxh4 71. Rd7+ Kg8 72. Kf6 Rb4 73. Re7 Ra4 74. Re6 Kh7 75. Re7+ Kg8 76. Rg7+ Kh8 {[#] Hoping for ...Ra6+.} 77. Rxg6 Ra6+ 78. Kf5 Ra5+ 79. Kg4 Kh7 80. Kh5 Ra1 {( -> ...Rh1+)} 81. Rh6+ Kg7 82. Rg6+ {Precision: White = 67%, Black = 77%.} 1/2-1/2

[Event "American Continental-ch 2018"]
[Site "Montevideo"]
[Date "2018.06.09"]
[Round "10"]
[White "El Debs, Felipe De Cresce"]
[Black "Cori, Jorge"]
[Result "0-1"]
[WhiteElo "2537"]
[BlackElo "2659"]
[Annotator "TA"]
[PlyCount "58"]
[EventDate "2018.??.??"]
[EventType "swiss"]
[EventCountry "URU"]
[SourceTitle "playchess.com"]
[Source "ChessBase"]
[SourceQuality "1"]

{[%evp 18,58,0,0,12,25,47,41,44,41,71,62,66,0,13,-99,-87,-109,-79,-100,-68,-111,-137,-137,-109,-132,-120,-104,0,-583,-604,-568,-561,-510,-346,-1652,-1670,-1660,-1644,-1635,-1559,-1304,-909]} 1. e4 {[%cal Be2e4,Be4e5][%mdl 32]} c5 2. Nf3 e6 3. c3 Nf6 4. e5 Nd5 5. d4 cxd4 6. cxd4 d6 7. a3 dxe5 8. dxe5 Nd7 9. Bd3 Be7 {B22: Sicilian: 2 c3} (9... Nc5 10. Bc2 a5 11. O-O Bd7 12. Re1 Rc8 13. Bd2 Be7 14. Nc3 O-O 15. Nxd5 exd5 16. Nd4 Re8 17. Bc3 {0-1 (26) Ulybin,M (2531)-Vachier Lagrave,M (2686) Biel 2012}) 10. O-O {LiveBook: 17 Games} Nc5 11. Bc2 a5 {White has an edge.} 12. Nd4 Qc7 13. Re1 b6 $146 ({Predecessor:} 13... O-O 14. f4 Rd8 15. Nc3 Nxc3 16. bxc3 {½-½ (41) Rasmussen,K-Soderberg,K Groningen 1980}) 14. Qg4 Bb7 15. Bg5 ({Better is} 15. h4 $14) 15... h5 $11 16. Qh4 {[#]} (16. Qg3 $11 {keeps the balance.}) 16... f6 $1 $36 {[%cal Rf6g5][%mdl 2048] Black is in control.} 17. exf6 gxf6 {[%cal Bg7f6,Bf6f5][%mdl 32]} 18. Bd2 {[#]} O-O-O $1 {Strongly threatening ...Rhg8.} 19. Nxe6 Nxe6 20. Bf5 Kb8 21. Bxe6 f5 $1 22. Qh3 Nf6 (22... Nf4 $17 23. Bxf4 Qxf4) 23. Bc3 $2 {[%mdl 8192]} ({Much worse is} 23. Qxf5 Ng4 $17) (23. Bg5 $11) 23... Ng4 $19 24. Nd2 Bc5 25. Rf1 Rhe8 26. Bxf5 $2 (26. Rae1 Rd6 27. b4 axb4 28. axb4 Bxf2+ 29. Rxf2 Nxf2 30. Kxf2 Rdxe6 31. Rxe6 Rxe6 32. Qg3) 26... Nxf2 {Black is clearly winning.} 27. Rxf2 Bxf2+ 28. Kh1 Re3 29. Nf3 Qf4 {Precision: White = 39%, Black = 73%.} 0-1

[Event "American Continental-ch 2018"]
[Site "Montevideo"]
[Date "2018.06.09"]
[Round "10"]
[White "Alonso, Salvador"]
[Black "Colas, Joshua"]
[Result "1/2-1/2"]
[WhiteElo "2519"]
[BlackElo "2285"]
[Annotator "TA"]
[PlyCount "107"]
[EventDate "2018.??.??"]
[EventType "swiss"]
[EventCountry "URU"]
[SourceTitle "playchess.com"]
[Source "ChessBase"]
[SourceQuality "1"]

{[%evp 35,107,40,38,27,19,23,31,14,25,23,29,18,46,21,54,42,45,37,47,50,55,45,46,35,32,27,36,27,25,18,19,14,20,0,0,0,0,0,0,-23,-37,-35,-8,-8,-8,-8,-8,-8,-8,-8,-8,-8,-8,-8,-8,-8,-8,-8,-8,-8,-8,-14,-8,-43,-8,-22,-8,0,0,-8,-8,-8,-8,-8]} 1. e4 c6 2. d4 d5 3. Nd2 dxe4 4. Nxe4 Bf5 5. Ng3 Bg6 6. h4 {[%cal Bh2h4,Bh4h5][%mdl 32]} h6 7. Nf3 Nd7 8. h5 Bh7 9. Bd3 Bxd3 10. Qxd3 e6 11. Bd2 Ngf6 12. O-O-O Be7 13. Kb1 O-O 14. Ne4 Nxe4 {B19: Classical Caro-Kann: 4...Bf5 main line} (14... c5 15. g4 Nxg4 16. Qe2 Qb6 17. Ne5 Ndxe5 18. dxe5 f5 19. exf6 Nxf6 20. Nc3 Rad8 21. Rhg1 Kh8 22. Rg6 {½-½ (38) Saric,I (2662)-Nisipeanu,L (2672) Heraklio 2017}) 15. Qxe4 Nf6 16. Qe2 Qd5 17. Ne5 Qe4 18. Qxe4 Nxe4 {LiveBook: 91 Games} 19. Be1 Rfd8 20. f3 Nf6 21. Bf2 Nd7 22. Nd3 Bd6 $146 ({Predecessor:} 22... Kf8 23. g4 Rac8 {1-0 (48) Drenchev,P (2511)-Bailet,P (2469) Chambery 2014}) 23. Rhe1 b6 24. c3 Rac8 25. Kc2 Kf8 26. g4 Re8 27. Re2 Nf6 28. Be1 Nd5 29. Bd2 c5 30. dxc5 Bxc5 31. Nxc5 Rxc5 32. a4 Rec8 33. Kb3 b5 34. axb5 Rxb5+ 35. Kc2 Nb4+ 36. Kb1 Nd3 37. Bxh6 (37. Kc2 {with more complications.} Nxb2 38. Rb1 Nc4 39. Rxb5 Na3+ 40. Kd3) 37... Rxc3 38. Red2 Rcb3 {[%cal Rb3b2] [#]} 39. Bxg7+ $1 {[%mdl 512]} Kxg7 40. Rxd3 Rxb2+ $11 {[%mdl 4096] Endgame KRR-KRR} 41. Kc1 a5 42. R1d2 Rb1+ 43. Kc2 a4 44. Ra3 R1b2+ 45. Kd1 R2b3 46. Rda2 Kh6 47. Rxa4 Rxf3 48. Ke2 Rh3 49. R4a3 Rh2+ (49... Rh4 {is interesting.} 50. Ra4 Kg5 51. Kf3 Rb3+ 52. Kg2 Rxg4+ 53. Rxg4+ Kxg4 54. Rf2 f5) 50. Kf3 {The position is equal.} Rxa2 51. Rxa2 Kg5 52. Ra3 f5 53. gxf5 exf5 54. h6 {Precision: White = 45%, Black = 59%.} 1/2-1/2

[Event "American Continental-ch 2018"]
[Site "Montevideo"]
[Date "2018.06.09"]
[Round "10"]
[White "Henriquez Villagra, Cristobal"]
[Black "Kimelman, Gabriel"]
[Result "1-0"]
[WhiteElo "2518"]
[BlackElo "2279"]
[Annotator "TA"]
[PlyCount "53"]
[EventDate "2018.??.??"]
[EventType "swiss"]
[EventCountry "URU"]
[SourceTitle "playchess.com"]
[Source "ChessBase"]
[SourceQuality "1"]

{[%evp 21,53,46,62,41,59,57,89,60,59,54,129,119,129,129,124,123,119,116,156,134,225,205,270,270,331,329,348,348,537,522,659,650,596,630]} 1. d4 e6 2. c4 Nf6 3. Nf3 Bb4+ 4. Nbd2 b6 5. a3 Bxd2+ 6. Qxd2 Bb7 7. e3 d6 8. Be2 Nbd7 9. O-O O-O 10. b4 Ne4 11. Qc2 c5 {LiveBook: 19 Games. E14: Queen's Indian: Classical Variation (4 e3)} (11... f5 12. d5 exd5 13. Bb2 c5 14. cxd5 Bxd5 15. Rad1 Bb7 16. Bc4+ Kh8 17. Be6 Qe7 18. Qb3 b5 19. Bxd7 Qxd7 20. bxc5 Nxc5 {1-0 (34) Bok,B (2598)-Moiseenko,A (2657) Doha 2016}) 12. Rd1 Qe7 13. Nd2 $146 ({Predecessor:} 13. Bb2 f5 14. dxc5 dxc5 15. Ne5 Nxe5 16. Bxe5 Rad8 17. f3 Nf6 18. Qa4 a6 19. Qb3 cxb4 20. Qxb4 Qxb4 21. axb4 {1-0 (42) Zhao,X (2551)-Smith,R (2273) Queenstown 2012}) 13... Ndf6 {White is slightly better.} 14. Nxe4 Bxe4 15. Qc3 d5 (15... Bg6 $14) 16. f3 Bg6 17. dxc5 bxc5 18. b5 Rfd8 19. Bb2 Ne8 20. a4 f6 (20... Rac8 $16 21. a5 Nf6) 21. Ba3 Rac8 22. cxd5 exd5 23. Rac1 d4 24. Bc4+ Bf7 (24... Kh8 $142 25. exd4 Nd6 26. Bxc5 Qd7) 25. exd4 $18 {White is clearly winning.} Bxc4 26. Qxc4+ Kh8 {[#] Threatens to win with ...Qe3+.} 27. Re1 {Precision: White = 78%, Black = 14%.} 1-0